| 000 | 00697nmm a2200253 a 4500 | ||
|---|---|---|---|
| 003 | AR-BaBNM | ||
| 005 | 20251128203547.0 | ||
| 008 | 297019s1984 ||||||||||||||000 | spa|| | ||
| 020 | _a950-600-021-2 | ||
| 040 | _cAR-BaBNM | ||
| 100 | 1 | _aFeinmann, José Pablo | |
| 245 | 1 | 0 |
_aEstudios sobre el peronismo _bhistoria - método - proyecto |
| 260 |
_aBuenos Aires _bLegasa _c1984 |
||
| 300 | 0 | _a191 p. | |
| 610 | 2 | 4 | _aPartido Justicialista [Argentina] |
| 650 | 4 | _aHISTORIA POLITICA ARGENTINA | |
| 650 | 4 | _aPOLITICA ARGENTINA | |
| 650 | 4 | _aPARTIDOS POLITICOS ARGENTINOS | |
| 650 | 4 | _aIDEOLOGIAS POLITICAS | |
| 651 | 4 | _aArgentina | |
| 653 | 0 | _aPERONISMO | |
| 942 | _cBK | ||
| 998 | _cmariana | ||
| 999 |
_c3944 _d3944 |
||